000 00485pab a2200181 454500
008 180718b2007 xxu||||| |||| 00| 0 eng d
100 _aSingh, Ravindra
245 _aMachinery for redressal of citizens' grievances in India
260 _c2007
300 _ap.72-88.
362 _aJan-Jun
650 _aOmbudsman - India
650 _aOmbudsman
700 _aDahiya, Sewa Singh
773 _aJournal of Constitutional and Parliamentary Studies
908 _aN
909 _a78935
999 _c78935
_d78935